000 00994nam a2200313 a 4500
001 60204
003 CO-BoRNBP
005 20251215140004.0
007 ta
008 980320s2005 ck ab gr 00010 spa d
020 _a9588067138
040 _aCO-BoBLA
_bspa
_cCO-BoBLA
041 0 _aspa
043 _as-ck---
082 0 4 _a523.72
_bA75a
_220 ed.
245 0 0 _aAtlas de radiación solar de Colombia /
_cCarlos Arturo Flórez Piedrahita ... [et al.].
250 _a1a. edición
300 _a175 p :
_bil., mapas ;
_c33 cm.
336 _2rdacontent
_atexto
_btxt
337 _2rdamedia
_asin mediación
_bn
338 _2rdacarrier
_avolumen
_bnc
504 _aIncluye bibliografías.
650 7 _aRadiación solar
_z Colombia
_v Atlas.
_2BLAAUTO
_968017
650 1 7 _aRadiación extraterrestre
_z Colombia
_v Atlas.
_2BLAAUTO
_968018
700 1 2 _aFlórez Piedrahita, Carlos Arturo.
_968019
830 0 _aRodolfo Segovia-Colección
_942685
942 _2ddc
_cBK
949 _ac
_bc
999 _c60204
_d60204